[Event "Campeonato España Sub 16"]
[Site "Salobreña"]
[Date "2017.07.24"]
[Round "1"]
[White "Ortin Blanco, Inigo"]
[Black "Moreno Valero, Raul"]
[Result "1-0"]
[Board "20"]
[WhiteClock "1:30"]
[WhiteElo "2090"]
[WhiteCountry "ESP"]
[WhiteFideId "32010125"]
[WhiteEloChange "2"]
[BlackClock "1:30"]
[BlackElo "1723"]
[BlackCountry "ESP"]
[BlackFideId "22275088"]
[BlackEloChange "-2"]

1. d4 {[%clk 1:30:00]} d5 {[%clk 1:30:00]} 2. c4 {[%clk 1:30:00]} e6 {[%clk
1:31:00]} 3. Nc3 {[%clk 1:30:00]} Nf6 {[%clk 1:31:00]} 4. cxd5 {[%clk 1:31:00]}
exd5 {[%clk 1:31:00]} 5. Bg5 {[%clk 1:31:00]} Be7 {[%clk 1:30:00]} 6. e3 {[%clk
1:30:00]} O-O {[%clk 1:29:00]} 7. Qc2 {[%clk 1:30:00]} b6 {[%clk 1:26:00]} 8. Nf3
{[%clk 1:30:00]} Bb7 {[%clk 1:25:00]} 9. Bd3 {[%clk 1:29:00]} Nbd7 {[%clk
1:22:00]} 10. O-O {[%clk 1:28:00]} Rc8 {[%clk 1:16:00]} 11. Rfd1 {[%clk 1:16:00]}
h6 {[%clk 1:07:00]} 12. Bf4 {[%clk 1:12:00]} c5 {[%clk 1:07:00]} 13. dxc5 {[%clk
1:05:00]} Bxc5 {[%clk 1:02:00]} 14. Bf5 {[%clk 1:04:00]} Qe7 {[%clk 0:45:00]} 15.
Qa4 {[%clk 0:53:00]} Bc6 {[%clk 0:38:00]} 16. Qb3 {[%clk 0:52:00]} Rfd8 {[%clk
0:28:00]} 17. Bxd7 {[%clk 0:44:00]} Rxd7 {[%clk 0:26:00]} 18. Ne5 {[%clk
0:44:00]} Rdd8 {[%clk 0:24:00]} 19. Nxc6 {[%clk 0:44:00]} Rxc6 {[%clk 0:24:00]}
20. Nxd5 {[%clk 0:44:00]} Nxd5 {[%clk 0:21:00]} 21. Rxd5 {[%clk 0:44:00]} Rxd5
{[%clk 0:21:00]} 22. Qxd5 {[%clk 0:45:00]} Rc8 {[%clk 0:20:00]} 23. Rd1 {[%clk
0:45:00]} a5 {[%clk 0:17:29]} 24. h3 {[%clk 0:44:00]} Qf6 {[%clk 0:16:02]} 25.
Be5 {[%clk 0:43:00]} Qg6 {[%clk 0:08:15]} 26. Qd3 {[%clk 0:41:00]} Qh5 {[%clk
0:06:58]} 27. Bc3 {[%clk 0:39:00]} Be7 {[%clk 0:03:42]} 28. Qd5 {[%clk 0:39:00]}
Qxd5 {[%clk 0:03:11]} 29. Rxd5 {[%clk 0:39:00]} Bc5 {[%clk 0:03:33]} 30. Kf1
{[%clk 0:40:00]} Kf8 {[%clk 0:03:22]} 31. Ke2 {[%clk 0:40:00]} g6 {[%clk
0:03:07]} 32. Bf6 {[%clk 0:40:00]} Be7 {[%clk 0:02:50]} 33. Bc3 {[%clk 0:39:00]}
Bc5 {[%clk 0:03:10]} 34. Rd7 {[%clk 0:38:00]} Ke8 {[%clk 0:03:05]} 35. Rb7 {[%clk
0:38:00]} h5 {[%clk 0:02:50]} 36. Kf3 {[%clk 0:38:00]} Rd8 {[%clk 0:02:02]} 37.
Bf6 {[%clk 0:39:00]} Rd6 {[%clk 0:01:38]} 38. Rb8+ {[%clk 0:37:00]} Kd7 {[%clk
0:01:52]} 39. Rd8+ {[%clk 0:37:00]} Ke6 {[%clk 0:02:09]} 40. Rxd6+ {[%clk
0:37:00]} Bxd6 {[%clk 0:01:53]} 41. Bd4 {[%clk 0:36:00]} b5 {[%clk 0:01:46]} 42.
Ke4 {[%clk 0:36:00]} a4 {[%clk 0:01:25]} 43. Kd3 {[%clk 0:33:00]} Be7 {[%clk
0:00:48]} 44. e4 {[%clk 0:31:00]} Bd6 {[%clk 0:00:54]} 45. g3 {[%clk 0:30:00]}
Be7 {[%clk 0:01:05]} 46. f4 {[%clk 0:30:00]} f5 {[%clk 0:00:55]} 47. Bb6 {[%clk
0:30:00]} Bd6 {[%clk 0:00:40]} 48. Ke3 {[%clk 0:26:00]} Be7 {[%clk 0:00:47]} 49.
Kf3 {[%clk 0:25:00]} g5 {[%clk 0:00:36]} 50. exf5+ {[%clk 0:25:00]} Kxf5 {[%clk
0:00:55]} 51. g4+ {[%clk 0:24:00]} hxg4+ {[%clk 0:01:13]} 52. hxg4+ {[%clk
0:25:00]} Kg6 {[%clk 0:01:28]} 53. f5+ {[%clk 0:25:00]} Kf7 {[%clk 0:00:44]} 54.
Ke4 {[%clk 0:26:00]} Bf6 {[%clk 0:00:38]} 55. Bd4 {[%clk 0:26:00]} Be7 {[%clk
0:00:46]} 56. Kd5 {[%clk 0:26:00]} 1-0

[Event "Campeonato España Sub 16"]
[Site "Salobreña"]
[Date "2017.07.24"]
[Round "1"]
[White "Carbajal Mendez, Abel"]
[Black "Rodriguez Izquierdo, Luis"]
[Result "0-1"]
[Board "21"]
[WhiteClock "n/a"]
[WhiteElo "1696"]
[WhiteCountry "ESP"]
[WhiteFideId "32019300"]
[WhiteEloChange "-2"]
[BlackClock "n/a"]
[BlackElo "2088"]
[BlackCountry "ESP"]
[BlackFideId "32051603"]
[BlackEloChange "2"]

1. d4 {[%clk 1:30:30]} Nf6 {[%clk 1:30:30]} 2. c4 {[%clk 1:30:30]} a6 {[%clk
1:30:30]} 3. Nc3 {[%clk 1:30:30]} c5 {[%clk 1:30:30]} 4. dxc5 {[%clk 1:30:30]}
Qa5 {[%clk 1:30:30]} 5. Nf3 {[%clk 1:30:30]} e6 {[%clk 1:30:30]} 6. e3 {[%clk
1:30:30]} Bxc5 {[%clk 1:30:30]} 7. Bd2 {[%clk 1:30:30]} Qc7 {[%clk 1:30:30]} 8.
a3 {[%clk 1:30:30]} Be7 {[%clk 1:30:30]} 9. Be2 {[%clk 1:30:30]} O-O {[%clk
1:30:30]} 10. O-O {[%clk 1:30:30]} d6 {[%clk 1:30:30]} 11. Qc2 {[%clk 1:30:30]}
b6 {[%clk 1:30:30]} 12. b3 {[%clk 1:30:30]} Bb7 {[%clk 1:30:30]} 13. Bc1 {[%clk
1:30:30]} Nbd7 {[%clk 1:30:30]} 14. Bb2 {[%clk 1:30:30]} Rac8 {[%clk 1:30:30]}
15. Rac1 {[%clk 1:30:30]} Qb8 {[%clk 1:30:30]} 16. Qb1 {[%clk 1:30:30]} Qa8
{[%clk 1:30:30]} 17. Ne1 {[%clk 1:30:30]} Nc5 {[%clk 1:30:30]} 18. Ba1 {[%clk
1:30:30]} Rc7 {[%clk 1:30:30]} 19. Bf3 {[%clk 1:30:30]} Rfc8 {[%clk 1:30:30]} 20.
Bxb7 {[%clk 1:30:30]} Qxb7 {[%clk 1:30:30]} 21. Nf3 {[%clk 1:30:30]} Nfe4 {[%clk
1:30:30]} 22. Nxe4 {[%clk 1:30:30]} Qxe4 {[%clk 1:30:30]} 23. Qxe4 {[%clk
1:30:30]} Nxe4 {[%clk 1:30:30]} 24. Bb2 {[%clk 1:30:30]} Bf6 {[%clk 1:30:30]} 25.
Bxf6 {[%clk 1:30:30]} gxf6 {[%clk 1:30:30]} 26. Rcd1 {[%clk 1:30:30]} b5 {[%clk
1:30:30]} 27. Nd2 {[%clk 1:30:30]} Nc3 {[%clk 1:30:30]} 28. Rde1 {[%clk 1:30:30]}
bxc4 {[%clk 1:30:30]} 29. Nxc4 {[%clk 1:30:30]} d5 {[%clk 1:30:30]} 30. Nd2
{[%clk 1:30:30]} Nb5 {[%clk 1:30:30]} 31. a4 {[%clk 1:30:30]} Nd6 {[%clk
1:30:30]} 32. Rb1 {[%clk 1:30:30]} Rc2 {[%clk 1:30:30]} 33. Nf3 {[%clk 1:30:30]}
Ne4 {[%clk 1:30:30]} 34. Nd4 {[%clk 1:30:30]} R2c3 {[%clk 1:30:30]} 35. Rfd1
{[%clk 1:30:30]} Rb8 {[%clk 1:30:30]} 36. Rdc1 {[%clk 1:30:30]} e5 {[%clk
1:30:30]} 37. Rxc3 {[%clk 1:30:30]} Nxc3 {[%clk 1:30:30]} 38. Nc6 {[%clk
1:30:30]} Rb6 {[%clk 1:30:30]} 39. Ne7+ {[%clk 1:30:30]} Kf8 {[%clk 1:30:30]} 0-1

[Event "Campeonato España Sub 16"]
[Site "Salobreña"]
[Date "2017.07.24"]
[Round "1"]
[White "Soto Martin, Pablo"]
[Black "Gil Provedo, Victor"]
[Result "1/2-1/2"]
[Board "22"]
[WhiteClock "1:30"]
[WhiteElo "2064"]
[WhiteCountry "ESP"]
[WhiteFideId "32035179"]
[WhiteEloChange "-8"]
[BlackClock "1:30"]
[BlackElo "1695"]
[BlackCountry "ESP"]
[BlackFideId "32091729"]
[BlackEloChange "8"]

1. e4 {[%clk 1:30:00]} d6 {[%clk 1:30:00]} 2. d4 {[%clk 1:31:00]} Nf6 {[%clk
1:31:00]} 3. Nc3 {[%clk 1:31:00]} g6 {[%clk 1:31:00]} 4. Be3 {[%clk 1:30:00]} Bg7
{[%clk 1:31:00]} 5. f3 {[%clk 1:30:00]} Nbd7 {[%clk 1:31:00]} 6. Qd2 {[%clk
1:30:00]} c6 {[%clk 1:30:00]} 7. Nge2 {[%clk 1:28:00]} b5 {[%clk 1:28:00]} 8.
O-O-O {[%clk 1:11:00]} b4 {[%clk 1:13:00]} 9. Nb1 {[%clk 1:09:00]} Rb8 {[%clk
1:13:00]} 10. Nf4 {[%clk 1:02:00]} a5 {[%clk 1:05:00]} 11. e5 {[%clk 0:59:00]}
Nd5 {[%clk 1:02:00]} 12. Nxd5 {[%clk 0:56:00]} cxd5 {[%clk 1:00:00]} 13. exd6
{[%clk 0:56:00]} exd6 {[%clk 1:00:00]} 14. Bg5 {[%clk 0:52:00]} Nf6 {[%clk
1:00:00]} 15. Bb5+ {[%clk 0:50:00]} Bd7 {[%clk 0:58:00]} 16. Rde1+ {[%clk
0:41:00]} Kf8 {[%clk 0:59:00]} 17. Bd3 {[%clk 0:39:00]} a4 {[%clk 0:37:00]} 18.
h4 {[%clk 0:32:00]} h6 {[%clk 0:22:00]} 19. Bf4 {[%clk 0:31:00]} Qb6 {[%clk
0:22:00]} 20. Qf2 {[%clk 0:23:00]} Nh5 {[%clk 0:15:39]} 21. Be3 {[%clk 0:23:00]}
a3 {[%clk 0:15:09]} 22. b3 {[%clk 0:22:00]} Rc8 {[%clk 0:13:28]} 23. g4 {[%clk
0:20:00]} Nf6 {[%clk 0:12:19]} 24. g5 {[%clk 0:20:00]} hxg5 {[%clk 0:11:48]} 25.
hxg5 {[%clk 0:20:00]} Rxh1 {[%clk 0:11:44]} 26. Rxh1 {[%clk 0:20:00]} Nh5 {[%clk
0:11:51]} 27. f4 {[%clk 0:21:00]} Bb5 {[%clk 0:09:12]} 28. Bxb5 {[%clk 0:18:41]}
Qxb5 {[%clk 0:09:36]} 29. Kd1 {[%clk 0:17:19]} Re8 {[%clk 0:08:43]} 30. f5 {[%clk
0:11:59]} Kg8 {[%clk 0:06:54]} 31. f6 {[%clk 0:07:13]} Bh8 {[%clk 0:07:18]} 32.
Bd2 {[%clk 0:07:17]} Qd7 {[%clk 0:05:37]} 33. Qf3 {[%clk 0:07:10]} Re4 {[%clk
0:05:49]} 34. c3 {[%clk 0:05:36]} bxc3 {[%clk 0:05:15]} 35. Nxc3 {[%clk 0:05:34]}
Rxd4 {[%clk 0:05:04]} 36. Nxd5 {[%clk 0:05:59]} Qb5 {[%clk 0:04:55]} 37. Ne7+
{[%clk 0:06:05]} Kf8 {[%clk 0:04:21]} 38. Re1 {[%clk 0:05:35]} Qa5 {[%clk
0:04:11]} 39. Qe3 {[%clk 0:05:22]} Qe5 {[%clk 0:03:26]} 40. Qxe5 {[%clk 0:05:09]}
dxe5 {[%clk 0:03:51]} 41. Rxe5 {[%clk 0:05:35]} Nxf6 {[%clk 0:03:57]} 42. Nc6
{[%clk 0:03:16]} Ne4 {[%clk 0:03:21]} 43. Nxd4 {[%clk 0:02:21]} Bxe5 {[%clk
0:03:38]} 44. Nf3 {[%clk 0:02:21]} 1/2-1/2

[Event "Campeonato España Sub 16"]
[Site "Salobreña"]
[Date "2017.07.24"]
[Round "1"]
[White "Garcia Alvarez, Paula"]
[Black "Garcia Gimenez, Santiago"]
[Result "0-1"]
[Board "23"]
[WhiteClock "1:30"]
[WhiteElo "1665"]
[WhiteCountry "ESP"]
[WhiteFideId "32041047"]
[WhiteEloChange "-2"]
[BlackClock "1:30"]
[BlackElo "2064"]
[BlackCountry "ESP"]
[BlackFideId "32063350"]
[BlackEloChange "2"]

1. b3 {[%clk 1:30:00]} g6 {[%clk 1:30:00]} 2. Bb2 {[%clk 1:30:00]} Nf6 {[%clk
1:30:00]} 3. Bxf6 {[%clk 1:31:00]} exf6 {[%clk 1:30:00]} 4. c4 {[%clk 1:31:00]}
Bg7 {[%clk 1:31:00]} 5. Nc3 {[%clk 1:31:00]} f5 {[%clk 1:31:00]} 6. Rc1 {[%clk
1:31:00]} b6 {[%clk 1:31:00]} 7. e3 {[%clk 1:30:00]} Bb7 {[%clk 1:31:00]} 8. Nf3
{[%clk 1:29:00]} d6 {[%clk 1:28:00]} 9. g3 {[%clk 1:28:00]} Nd7 {[%clk 1:27:00]}
10. d4 {[%clk 1:26:00]} Nf6 {[%clk 1:27:00]} 11. Bg2 {[%clk 1:26:00]} O-O {[%clk
1:25:00]} 12. O-O {[%clk 1:25:00]} Re8 {[%clk 1:19:00]} 13. b4 {[%clk 1:22:00]}
Ne4 {[%clk 1:18:00]} 14. Nxe4 {[%clk 1:18:00]} fxe4 {[%clk 1:18:00]} 15. Nd2
{[%clk 1:18:00]} f5 {[%clk 1:18:00]} 16. c5 {[%clk 1:18:00]} Ba6 {[%clk 1:17:00]}
17. b5 {[%clk 1:16:00]} Bb7 {[%clk 1:16:00]} 18. c6 {[%clk 1:15:00]} Bc8 {[%clk
1:16:00]} 19. Rc4 {[%clk 1:07:00]} a5 {[%clk 1:12:00]} 20. Qe2 {[%clk 0:53:00]}
d5 {[%clk 1:11:00]} 21. Rc3 {[%clk 0:52:00]} Be6 {[%clk 1:09:00]} 22. Rb1 {[%clk
0:50:00]} Qf6 {[%clk 1:06:00]} 23. h4 {[%clk 0:44:00]} Bf8 {[%clk 1:06:00]} 24.
Nb3 {[%clk 0:44:00]} Re7 {[%clk 1:04:00]} 25. Nc1 {[%clk 0:42:00]} Rg7 {[%clk
1:04:00]} 26. Qc2 {[%clk 0:39:00]} h6 {[%clk 1:04:00]} 27. Ne2 {[%clk 0:39:00]}
g5 {[%clk 1:04:00]} 28. hxg5 {[%clk 0:37:00]} hxg5 {[%clk 1:04:00]} 29. Qb3
{[%clk 0:33:00]} Bd6 {[%clk 1:04:00]} 30. Rcc1 {[%clk 0:33:00]} Rf8 {[%clk
1:03:00]} 31. Rb2 {[%clk 0:25:00]} f4 {[%clk 1:01:00]} 32. exf4 {[%clk 0:24:00]}
gxf4 {[%clk 1:02:00]} 33. Nxf4 {[%clk 0:23:00]} Bxf4 {[%clk 1:01:00]} 34. gxf4
{[%clk 0:23:00]} Qxf4 {[%clk 1:01:00]} 35. Qe3 {[%clk 0:23:00]} Qf3 {[%clk
1:01:00]} 36. Qxf3 {[%clk 0:23:00]} exf3 {[%clk 1:01:00]} 37. Re1 {[%clk
0:23:00]} Rxg2+ {[%clk 1:02:00]} 38. Kf1 {[%clk 0:22:00]} Bf5 {[%clk 1:01:00]}
39. Re3 {[%clk 0:22:00]} Be4 {[%clk 1:01:00]} 40. Rd2 {[%clk 0:20:00]} Rf6 {[%clk
1:01:00]} 41. Rd1 {[%clk 0:20:00]} Rh6 {[%clk 1:01:00]} 42. Ra1 {[%clk 0:20:00]}
0-1

[Event "Campeonato España Sub 16"]
[Site "Salobreña"]
[Date "2017.07.24"]
[Round "1"]
[White "Garcia Jimenez, Santiago"]
[Black "Barbe Pozas, Saturnino"]
[Result "1-0"]
[Board "24"]
[WhiteClock "1:30"]
[WhiteElo "2040"]
[WhiteCountry "ESP"]
[WhiteFideId "24543241"]
[WhiteEloChange "2"]
[BlackClock "1:30"]
[BlackElo "1647"]
[BlackCountry "ESP"]
[BlackFideId "24506141"]
[BlackEloChange "-2"]

1. e4 {[%clk 1:30:00]} c6 {[%clk 1:30:00]} 2. d4 {[%clk 1:31:00]} d5 {[%clk
1:31:00]} 3. e5 {[%clk 1:31:00]} Bf5 {[%clk 1:31:00]} 4. h4 {[%clk 1:31:00]} h5
{[%clk 1:28:00]} 5. Bd3 {[%clk 1:32:00]} Bxd3 {[%clk 1:29:00]} 6. Qxd3 {[%clk
1:32:00]} e6 {[%clk 1:29:00]} 7. Bg5 {[%clk 1:32:00]} Qa5+ {[%clk 1:28:00]} 8.
Nd2 {[%clk 1:32:00]} Qa6 {[%clk 1:28:00]} 9. c4 {[%clk 1:32:00]} Bb4 {[%clk
1:28:00]} 10. b3 {[%clk 1:29:00]} Nd7 {[%clk 1:27:00]} 11. Qc2 {[%clk 1:21:00]}
Nh6 {[%clk 1:24:00]} 12. Nf3 {[%clk 1:19:00]} Nf5 {[%clk 1:19:00]} 13. O-O {[%clk
1:12:00]} f6 {[%clk 1:08:00]} 14. exf6 {[%clk 0:59:00]} gxf6 {[%clk 1:08:00]} 15.
Bf4 {[%clk 0:58:00]} Qa5 {[%clk 1:01:00]} 16. Rfe1 {[%clk 0:55:00]} Kf7 {[%clk
0:58:00]} 17. Rxe6 {[%clk 0:37:00]} dxc4 {[%clk 0:37:00]} 18. bxc4 {[%clk
0:29:00]} Kxe6 {[%clk 0:28:00]} 19. d5+ {[%clk 0:29:00]} cxd5 {[%clk 0:19:23]}
20. Re1+ {[%clk 0:29:00]} Kf7 {[%clk 0:12:38]} 21. Qxf5 {[%clk 0:29:00]} Nf8
{[%clk 0:11:48]} 22. cxd5 {[%clk 0:19:21]} Rd8 {[%clk 0:07:19]} 23. Ne4 {[%clk
0:15:47]} Be7 {[%clk 0:05:10]} 24. Neg5+ {[%clk 0:14:30]} Ke8 {[%clk 0:03:43]}
25. Rxe7+ {[%clk 0:14:08]} Kxe7 {[%clk 0:03:47]} 26. d6+ {[%clk 0:14:08]} 1-0

[Event "Campeonato España Sub 16"]
[Site "Salobreña"]
[Date "2017.07.24"]
[Round "1"]
[White "Robledo Sanchez, Carlos"]
[Black "Torcal Miguel, Oscar"]
[Result "0-1"]
[Board "25"]
[WhiteClock "1:30"]
[WhiteElo "1634"]
[WhiteCountry "ESP"]
[WhiteFideId "24510416"]
[WhiteEloChange "-2"]
[BlackClock "1:30"]
[BlackElo "2033"]
[BlackCountry "ESP"]
[BlackFideId "32025700"]
[BlackEloChange "2"]

1. e4 {[%clk 1:30:00]} c5 {[%clk 1:30:00]} 2. Nf3 {[%clk 1:31:00]} d6 {[%clk
1:29:00]} 3. d4 {[%clk 1:31:00]} cxd4 {[%clk 1:30:00]} 4. Nxd4 {[%clk 1:32:00]}
Nf6 {[%clk 1:30:00]} 5. Nc3 {[%clk 1:32:00]} g6 {[%clk 1:29:00]} 6. f3 {[%clk
1:32:00]} Bg7 {[%clk 1:29:00]} 7. Be3 {[%clk 1:33:00]} Nc6 {[%clk 1:28:00]} 8.
Bc4 {[%clk 1:32:00]} Bd7 {[%clk 1:26:00]} 9. Qd2 {[%clk 1:27:00]} O-O {[%clk
1:25:00]} 10. O-O-O {[%clk 1:26:00]} Ne5 {[%clk 1:24:00]} 11. Bb3 {[%clk
1:26:00]} Qa5 {[%clk 1:23:00]} 12. g4 {[%clk 1:25:00]} Rfc8 {[%clk 1:22:00]} 13.
h4 {[%clk 1:22:00]} Nc4 {[%clk 1:19:00]} 14. Bxc4 {[%clk 1:21:00]} Rxc4 {[%clk
1:19:00]} 15. h5 {[%clk 1:19:00]} Rac8 {[%clk 1:07:00]} 16. hxg6 {[%clk 0:59:00]}
fxg6 {[%clk 1:06:00]} 17. Bh6 {[%clk 0:41:00]} Nxe4 {[%clk 0:46:00]} 18. fxe4
{[%clk 0:19:23]} Rxd4 {[%clk 0:41:00]} 19. Qh2 {[%clk 0:14:28]} Rxd1+ {[%clk
0:40:00]} 20. Kxd1 {[%clk 0:14:22]} Bxg4+ {[%clk 0:38:00]} 21. Kc1 {[%clk
0:14:28]} Qh5 {[%clk 0:37:00]} 22. Qxh5 {[%clk 0:14:32]} Bxh5 {[%clk 0:36:00]}
23. Bxg7 {[%clk 0:13:54]} Kxg7 {[%clk 0:36:00]} 24. Nd5 {[%clk 0:12:08]} e6
{[%clk 0:36:00]} 25. Nf4 {[%clk 0:12:20]} Bg4 {[%clk 0:36:00]} 0-1

[Event "Campeonato España Sub 16"]
[Site "Salobreña"]
[Date "2017.07.24"]
[Round "2"]
[White "Gines Esteo, Pedro Antonio"]
[Black "Villacorta Nicolas, David"]
[Result "1-0"]
[Board "1"]
[WhiteClock "n/a"]
[WhiteTitle "FM"]
[WhiteElo "2375"]
[WhiteCountry "ESP"]
[WhiteFideId "32080190"]
[WhiteEloChange "2"]
[BlackClock "n/a"]
[BlackElo "2019"]
[BlackCountry "ESP"]
[BlackFideId "22295135"]
[BlackEloChange "-2"]

1. d4 {[%clk 1:30:30]} Nf6 {[%clk 1:30:30]} 2. Nf3 {[%clk 1:30:30]} c5 {[%clk
1:30:30]} 3. d5 {[%clk 1:30:30]} e6 {[%clk 1:30:30]} 4. Nc3 {[%clk 1:30:30]} exd5
{[%clk 1:30:30]} 5. Nxd5 {[%clk 1:30:30]} Nxd5 {[%clk 1:30:30]} 6. Qxd5 {[%clk
1:30:30]} Be7 {[%clk 1:30:30]} 7. e4 {[%clk 1:30:30]} d6 {[%clk 1:30:30]} 8. Bc4
{[%clk 1:30:30]} O-O {[%clk 1:30:30]} 9. O-O {[%clk 1:30:30]} Nd7 {[%clk
1:30:30]} 10. Qd3 {[%clk 1:30:30]} Nb6 {[%clk 1:30:30]} 11. Bb3 {[%clk 1:30:30]}
Be6 {[%clk 1:30:30]} 12. Bxe6 {[%clk 1:30:30]} fxe6 {[%clk 1:30:30]} 13. a4
{[%clk 1:30:30]} c4 {[%clk 1:30:30]} 14. Qe2 {[%clk 1:30:30]} a5 {[%clk 1:30:30]}
15. Be3 {[%clk 1:30:30]} Rc8 {[%clk 1:30:30]} 16. Nd4 {[%clk 1:30:30]} Rf6 {[%clk
1:30:30]} 17. Nb5 {[%clk 1:30:30]} d5 {[%clk 1:30:30]} 18. Bd4 {[%clk 1:30:30]}
Rf7 {[%clk 1:30:30]} 19. Qg4 {[%clk 1:30:30]} Bc5 {[%clk 1:30:30]} 20. Qxe6
{[%clk 1:30:30]} Rc6 {[%clk 1:30:30]} 21. Qg4 {[%clk 1:30:30]} Bxd4 {[%clk
1:30:30]} 22. Nxd4 {[%clk 1:30:30]} Rg6 {[%clk 1:30:30]} 23. Qe2 {[%clk 1:30:30]}
Rf4 {[%clk 1:30:30]} 24. Qd2 {[%clk 1:30:30]} Qg5 {[%clk 1:30:30]} 25. g3 {[%clk
1:30:30]} Rxe4 {[%clk 1:30:30]} 26. f4 {[%clk 1:30:30]} Qf6 {[%clk 1:30:30]} 27.
c3 {[%clk 1:30:30]} Nd7 {[%clk 1:30:30]} 28. Nf3 {[%clk 1:30:30]} Qb6+ {[%clk
1:30:30]} 29. Kh1 {[%clk 1:30:30]} Rd6 {[%clk 1:30:30]} 30. Rae1 {[%clk 1:30:30]}
Nf6 {[%clk 1:30:30]} 31. Nd4 {[%clk 1:30:30]} Rd8 {[%clk 1:30:30]} 32. f5 {[%clk
1:30:30]} Rxe1 {[%clk 1:30:30]} 33. Rxe1 {[%clk 1:30:30]} Ne4 {[%clk 1:30:30]}
34. Qg2 {[%clk 1:30:30]} Re8 {[%clk 1:30:30]} 35. Re2 {[%clk 1:30:30]} Qh6 {[%clk
1:30:30]} 36. h4 {[%clk 1:30:30]} Qd6 {[%clk 1:30:30]} 37. Kh2 {[%clk 1:30:30]}
Qd7 {[%clk 1:30:30]} 38. g4 {[%clk 1:30:30]} Qxa4 {[%clk 1:30:30]} 39. g5 {[%clk
1:30:30]} Qd7 {[%clk 1:30:30]} 40. Qg4 {[%clk 1:30:30]} Nc5 {[%clk 1:30:30]} 41.
Ne6 {[%clk 1:30:30]} Qd6+ {[%clk 1:30:30]} 42. Kg2 {[%clk 1:30:30]} Nd3 {[%clk
1:30:30]} 43. Kg1 {[%clk 1:30:30]} Nc5 {[%clk 1:30:30]} 44. h5 {[%clk 1:30:30]}
Ne4 {[%clk 1:30:30]} 45. Kg2 {[%clk 1:30:30]} Qe5 {[%clk 1:30:30]} 46. Nd4 {[%clk
1:30:30]} Qd6 {[%clk 1:30:30]} 47. Re3 {[%clk 1:30:30]} Qb6 {[%clk 1:30:30]} 48.
Re2 {[%clk 1:30:30]} Qd8 {[%clk 1:30:30]} 49. f6 {[%clk 1:30:30]} Qc8 {[%clk
1:30:30]} 50. Nf5 {[%clk 1:30:30]} Qe6 {[%clk 1:30:30]} 51. fxg7 {[%clk 1:30:30]}
Qe5 {[%clk 1:30:30]} 52. g6 {[%clk 1:30:30]} Qf6 {[%clk 1:30:30]} 53. Re3 {[%clk
1:30:30]} hxg6 {[%clk 1:30:30]} 54. hxg6 {[%clk 1:30:30]} Re6 {[%clk 1:30:30]}
55. Rh3 {[%clk 1:30:30]} 1-0

[Event "Campeonato España Sub 16"]
[Site "Salobreña"]
[Date "2017.07.24"]
[Round "2"]
[White "Dominguez Ruiz, Mario"]
[Black "Guerra Rivera, Salvador"]
[Result "0-1"]
[Board "2"]
[WhiteClock "1:30"]
[WhiteElo "2004"]
[WhiteCountry "ESP"]
[WhiteFideId "32092563"]
[WhiteEloChange "-2"]
[BlackClock "1:30"]
[BlackTitle "FM"]
[BlackElo "2362"]
[BlackCountry "ESP"]
[BlackFideId "32096542"]
[BlackEloChange "2"]

1. b3 {[%clk 1:30:00]} Nf6 {[%clk 1:30:00]} 2. Bb2 {[%clk 1:31:00]} g6 {[%clk
1:30:00]} 3. e3 {[%clk 1:31:00]} Bg7 {[%clk 1:30:00]} 4. Nf3 {[%clk 1:30:00]} O-O
{[%clk 1:30:00]} 5. c4 {[%clk 1:30:00]} d6 {[%clk 1:30:00]} 6. Qc2 {[%clk
1:30:00]} e5 {[%clk 1:26:00]} 7. d3 {[%clk 1:30:00]} Nc6 {[%clk 1:25:00]} 8. a3
{[%clk 1:31:00]} a5 {[%clk 1:24:00]} 9. Nbd2 {[%clk 1:31:00]} Qe7 {[%clk
1:17:00]} 10. Be2 {[%clk 1:29:00]} Nh5 {[%clk 1:15:00]} 11. O-O {[%clk 1:26:00]}
f5 {[%clk 1:14:00]} 12. Rfe1 {[%clk 1:26:00]} f4 {[%clk 1:11:00]} 13. d4 {[%clk
1:19:00]} fxe3 {[%clk 1:08:00]} 14. fxe3 {[%clk 1:19:00]} Bd7 {[%clk 1:01:00]}
15. Bf1 {[%clk 1:18:00]} Rae8 {[%clk 1:00:00]} 16. d5 {[%clk 1:13:00]} Nd8 {[%clk
0:56:00]} 17. b4 {[%clk 1:12:00]} axb4 {[%clk 0:55:00]} 18. axb4 {[%clk 1:12:00]}
Nf6 {[%clk 0:46:00]} 19. Rac1 {[%clk 1:07:00]} e4 {[%clk 0:43:00]} 20. Nd4 {[%clk
1:06:00]} Ng4 {[%clk 0:39:00]} 21. g3 {[%clk 1:02:00]} Bh6 {[%clk 0:33:00]} 22.
Qc3 {[%clk 1:00:00]} Qf6 {[%clk 0:32:00]} 23. Bg2 {[%clk 0:59:00]} Bxe3+ {[%clk
0:27:00]} 24. Kh1 {[%clk 0:59:00]} Nf2+ {[%clk 0:25:00]} 25. Kg1 {[%clk 1:00:00]}
Nd1+ {[%clk 0:25:00]} 26. Qxe3 {[%clk 0:59:00]} Nxe3 {[%clk 0:25:00]} 27. Nxe4
{[%clk 0:59:00]} Rxe4 {[%clk 0:25:00]} 28. Rf1 {[%clk 0:58:00]} Nxf1 {[%clk
0:24:00]} 29. Rxf1 {[%clk 0:59:00]} Qxf1+ {[%clk 0:24:00]} 0-1